| 000 | 00622cam a2200169 4500500 | ||
|---|---|---|---|
| 005 | 20250921004100.0 | ||
| 041 | _afre | ||
| 042 | _adc | ||
| 100 | 1 | 0 |
_aVervier, Philippe _eauthor |
| 700 | 1 | 0 |
_a Lieutaud, Anne _eauthor |
| 700 | 1 | 0 |
_a Badré, Michel _eauthor |
| 245 | 0 | 0 | _a« Il faut établir des passerelles entre l’émotionnel et le rationnel » |
| 260 | _c2024. | ||
| 500 | _a14 | ||
| 786 | 0 | _nPCM – Pour Construire un Monde durable | 917 | 4 | 2024-09-06 | p. 16-19 | 1958-7198 | |
| 856 | 4 | 1 | _uhttps://shs.cairn.info/revue-pcm-pour-construire-un-monde-durable-2025-4-page-16?lang=fr&redirect-ssocas=7080 |
| 999 |
_c1507335 _d1507335 |
||